Traduction Français -> Anglais - Statistiques

Statistiques générales
  • Ce quiz a été pris 78 fois
  • Le résultat moyen est 4 sur 20
Statistiques - réponses
Français Anglais % Correct
Entre Between
92%
Encore Again
89%
Depuis Since
75%
Comme Like
73%
Derrière Behind
71%
Puis Then
69%
Premièrement Firstly
67%
Grâce à Thanks to
67%
Déjà Already
62%
Plusieurs Many
60%
Enfin Finally
56%
En raison de Because of
50%
Également Also
44%
Régime Diet
44%
Bref Anyway
43%
Parmi Among
38%
Cependant However
38%
Bouillir To boil
36%
Au lieu de Instead of
33%
Pendant While
33%
Tel que Such as
30%
Conte de fée Fairy Tail
25%
Plutôt Rather
25%
Entrée Starter
25%
Assaisoner To season
25%
Goûter To taste
25%
En outre Furthermore
22%
Afin que So that
22%
Donc Therefore
22%
Sinon Otherwise
21%
À cause de Due to
20%
Chauffer To heat
20%
Bague de fiançailles Engagement ring
18%
Néanmoins Nevertheless
18%
Volaille Poultry
18%
Au premier abord At first sight
17%
Lors During
17%
Lève-tôt Early bird
17%
Hacher To chop
17%
Deviner To guess
17%
Améliorer To improve
17%
Rattraper le temps perdu Catch up
15%
Coupe en tranches To slice
15%
Certes Certainly
14%
Gatée Spoiled
14%
Frire To fry
14%
Jeux de société Board games
13%
De temps en temps From time to time
13%
Devant In front of
13%
Afin de In order to
13%
Couper en dés To dice
13%
Entreprendre To undertake
13%
ci-dessous Hereunder
11%
En plus In addition
11%
Nombreux Several
11%
Être pointilleux To be picky
11%
Par rapport à Compared to
10%
Programme scolaire Curriculum
10%
Déposer quelqu'un Drop off
10%
De même Likewise
10%
Tandis que Whereas
10%
Au contraire On the contrary
9%
Bourse Scolaire Scolarship
9%
Relevé de notes Transcript
9%
Bien que Although
8%
Couche tard Night owl
8%
Assister To attend
8%
Smoking Tux
8%
Mise à part Apart from
7%
Environ Approximately
0%
Tant que As long as
0%
Lorsque As soon as
0%
Ainsi que As well as
0%
Sous Beneath
0%
En plus de Besides
0%
Venir Come over
0%
Trajet travail/maison Commute
0%
À l'inverse Conversely
0%
Laitier Dairy
0%
Calendrier des examens Exam timetable
0%
Argument erroné Flawed argument
0%
Robe habillé Gown
0%
Une carte de voeux Greeting card
0%
Désormais Henceforth
0%
Il va sans dire que It goes without saying that
0%
Démarrer une activité Kick off
0%
Conférencier lecturer
0%
Notamment Notably
0%
Contrat de mariage Prenup
0%
Ainsi Thus
0%
Cuire au four To bake
0%
S'inscrire To enroll
0%
Faire remarquer To point out
0%
Rôtir To roast
0%
Faire des courses To run errands
0%
Passer un examen To sit an exam
0%
Remuer To stir
0%
Frais de scolarité Tuition fees
0%
Aucun quiz correspondant
Distribution des résultats
% des personnes avec chaque résultat
Percentile par nombre de réponses
Votre historique - résultats
Vous n’avez pas pris ce quiz